000 00621nam a22002055i 4500
001 161706
003 ES-MaACL
005 20250815062611.0
008 950206s1863 sp |||| | spa d
040 _aCLM
_bspa
_cCCPB | PA2
100 1 _aPeon y Rodríguez, Baltasar.
_9130976
245 1 0 _aEstudios de cronología universal /
_cpor Baltasar Peón.
260 _aMadrid :
_bImprenta Nacional,
_c1863.
300 _aX, 595 p. ;
_c24 cm.
597 1 _aPort. con esc. real.
597 1 _aAntep.
650 7 _aHistoria universal
_2embne
_913429
852 _aES-MaACL
_jG-6815
_z-- Enc. hol.
999 _c161706
_d161706